00424nam a22001577a 450000500170000001000150001702000260003203500130005803700130007108200110008410000220009524500540011726000330017127000420020430000200024620140611154357.0 aENG-110143 a9788184302240c300.00 aEN-93675 bDBAD/PUB a153.93 aKhandurie, Vijaya aTest your IQ and reasoning /cby Vijaya Khandurie aNew DelhibOcean Booksc2013 a4/19 Asaf Ali RoadbNew Delhie110002 a255p.c22cm(Hb)